logo

Bir Sreshtho Munshi Abdur Rouf Library
Jhenaidah Cadet College

হীরকচূর্ণ / (Record no. 12632)

MARC details
000 -LEADER
fixed length control field 00728nam a2200217 a 4500
001 - CONTROL NUMBER
JCCL Control Number 12632
003 - CONTROL NUMBER IDENTIFIER
JCCL marc code BD-JhCC
005 - DATE AND TIME OF LATEST TRANSACTION
control field 20221023091958.0
008 - FIXED-LENGTH DATA ELEMENTS--GENERAL INFORMATION
fixed length control field 221023s2022 bg |||| |||| 000 0 ban d
020 ## - INTERNATIONAL STANDARD BOOK NUMBER
International Standard Book Number 9789849594819
035 ## - SYSTEM CONTROL NUMBER
system control number (BD-JhCC)12632
040 ## - CATALOGING SOURCE
Original cataloging agency BD-JhCC
Modifying agency BD-JhCC
041 ## - LANGUAGE CODE
Language code of Book Bangla
082 ## - DEWEY DECIMAL CLASSIFICATION NUMBER
Classification number 891.443
Author mark and Year HIR 2022
245 ## - TITLE STATEMENT
Title হীরকচূর্ণ /
Statement of responsibility, etc সম্পাদনায় মেহেদী হাসান শোয়েব
260 ## - PUBLICATION, DISTRIBUTION, ETC. (IMPRINT)
Place of publication, distribution, etc ঢাকা :
Name of publisher, distributor, etc পাললিক সৌরভ,
Date of publication, distribution, etc ২০২২
300 ## - PHYSICAL DESCRIPTION
Pagination ৩৬৮ পৃ. :
Dimensions ২২ সেমি.
650 ## - SUBJECT ADDED ENTRY--TOPICAL TERM
Topical term or geographic name as entry element Bengali Short Story
700 ## - ADDED ENTRY--PERSONAL NAME
Personal name শোয়েব, মেহেদী হাসান
942 ## - ADDED ENTRY ELEMENTS (KOHA)
Source of classification or shelving scheme Dewey Decimal Classification
Koha item type Books
Holdings
Source of classification or shelving scheme Damaged status Not for loan Home library Current library Shelving location Date of accession Cost, normal purchase price Total Checkouts Full call number Barcode Date last seen Date checked out Copy number Koha item type
Dewey Decimal Classification     JCC Rouf Library JCC Rouf Library General Stacks 10/23/2022 432.00 1 891.443 HIR 2022 17388 06/05/2024 06/03/2024 C-1 Books

JCC Library | Contacts | JCC Home

Last Update on 23 September 2017
Copyright @ 2017-2020 JCC Rouf Library
Rouf Library, Jhenidah Cadet College (JCC), Bangladesh